Operations research (Record no. 5178)
[ view plain ]
| 000 -LEADER | |
|---|---|
| fixed length control field | 00538nam a2200169Ia 4500 |
| 003 - CONTROL NUMBER IDENTIFIER | |
| control field | SGT |
| 020 ## - INTERNATIONAL STANDARD BOOK NUMBER | |
| International Standard Book Number | 9788131711040 |
| 082 ## - DEWEY DECIMAL CLASSIFICATION NUMBER | |
| Classification number | 1.42 |
| Item number | TAH |
| 100 ## - MAIN ENTRY--PERSONAL NAME | |
| Personal name | Taha,Hamdy A |
| 245 ## - TITLE STATEMENT | |
| Title | Operations research |
| 250 ## - EDITION STATEMENT | |
| Edition statement | 8th Ed. |
| 260 ## - PUBLICATION, DISTRIBUTION, ETC. (IMPRINT) | |
| Name of publisher, distributor, etc | Pearson |
| Place of publication, distribution, etc | N.Delhi |
| Year of Publication | 2008 |
| 300 ## - PAGE DESCRIPTION | |
| No. of Pages | 733p. |
| 650 ## - SUBJECT ADDED ENTRY--TOPICAL TERM | |
| Topical term or geographic name as entry element | COMPUTER SCIENCE |
| 653 ## - KEYWORDS--INDEX TERM | |
| Keyword term | WHAT IS OPERATIONS RESEARCH, MODELING WITH LINEAR PROGRAMMING, THE SIMPLEX METHOD AND SENSITIVITY ANALYSIS, DUALITY AND POST-OPTIMAL ANALYSIS, NETWORK MODELS, ADVANCED LINEAR PROGRAMMING |
| 942 ## - ADDED ENTRY ELEMENTS (KOHA) | |
| Source of classification or shelving scheme | Dewey Decimal Classification |
| Koha item type | Books |
| Withdrawn status | Lost status | Source of classification or shelving scheme | Damaged status | Not for loan | Home library | Current library | Date acquired | SGTU | Total Checkouts | Full call number | Accession No. (Barcode) | Date last seen | Bill Date | Koha item type | Date last borrowed |
|---|---|---|---|---|---|---|---|---|---|---|---|---|---|---|---|
| Dewey Decimal Classification | SGT Engineering Library | SGT Engineering Library | 24/06/2011 | SGTU | 1.42 TAH | FE3082 | 09/02/2015 | 09/02/2015 | Books | ||||||
| Dewey Decimal Classification | SGT Engineering Library | SGT Engineering Library | 24/06/2011 | SGTU | 1.42 TAH | FE3083 | 09/02/2015 | 09/02/2015 | Books | ||||||
| Dewey Decimal Classification | SGT Engineering Library | SGT Engineering Library | 24/06/2011 | SGTU | 1.42 TAH | FE3084 | 09/02/2015 | 09/02/2015 | Books | ||||||
| Dewey Decimal Classification | SGT Engineering Library | SGT Engineering Library | 24/06/2011 | SGTU | 1.42 TAH | FE3085 | 09/02/2015 | 09/02/2015 | Books | ||||||
| Dewey Decimal Classification | SGT Engineering Library | SGT Engineering Library | 24/06/2011 | SGTU | 1.42 TAH | FE3086 | 09/02/2015 | 09/02/2015 | Books | ||||||
| Dewey Decimal Classification | SGT Engineering Library | SGT Engineering Library | 30/05/2013 | SGTU | 3 | 1.42 TAH | FE5717 | 28/02/2018 | 09/02/2015 | Books | 30/11/2017 | ||||
| Dewey Decimal Classification | SGT Engineering Library | SGT Engineering Library | 30/05/2013 | SGTU | 1.42 TAH | FE5718 | 09/02/2015 | 09/02/2015 | Books |